000 00761nam a2200229 a 4500
001 000002166
005 20250120110604.0
008 090701s2001 dr ac r 001 0 spa d
040 _aDO-SdBNP
_bspa
_cBNPHU
082 _a070.449796
_bN741r, 2001
100 1 _aNina Gómez, Carlos
_96492
245 1 0 _aRedacción deportiva /
_cCarlos Nina Gómez ; [prólogo Rafael Molina Morillo].
250 _a2a ed., corr. y aum.
260 _aSanto Domingo :
_bCollado,
_c2001.
300 _a249 p. :
_bil. retr. ;
_c21 cm.
500 _aIncluye índice
590 _aInventariado,2018/DG
650 4 _aPeriodismo deportivo
_96910
650 4 _aCrónica deportiva
_96911
700 1 2 _aMolina Morillo, Rafael,
_d1930-1917
_937
910 _aValidado. Control de calidad. MFF
999 _c2014
_d2014